CLASE OBRERA: NACION Y NACIONALISMO/

Guardat en:
Dades bibliogràfiques
Altres autors: Martínez de la Vega, Francisco (autor) (autor)
Format: Llibre
Col·lecció:FRAGUA MEXICANA; 76
Matèries:
Etiquetes: Afegir etiqueta
Sense etiquetes, Sigues el primer a etiquetar aquest registre!

MARC

LEADER 00000nam^a2200000^a^4500
001 000224612
005 20250521000000.0
009 20260310104055.604
020 |a 968-6011-67-6 
035 |a 043227 
037 |a Acervo Xavier Clavigero 
082 |a 331. 1  |b CLA 
245 1 0 |a CLASE OBRERA:  |b NACION Y NACIONALISMO/  |c FRANCISCO MARTINEZ DE LA VEGA ...[ ET. AL.] 
264 |a MEXICO :  |b EL CABALLITO,  |c 1985 
300 |a 288p. 
336 |a texto  |b txt  |2 rdacontenido 
337 |a sin mediación  |b n  |2 rdamedio 
338 |a volumen  |b nc  |2 rdasoporte 
440 |a FRAGUA MEXICANA;  |v 76 
649 |a XX 
650 |a TRABAJO Y TRABAJADORES 
650 |a Nacionalismo 
700 |a Martínez de la Vega, Francisco  |e (autor) 
910 |a Fondo General 
920 |a Impresos - Libros 
930 |a Colección General 
905 |a 101 
901 |a 043227  |b IT1  |c ACC  |i 043227  |u 20250521 
902 |a https://opac.biblio.iteso.mx/vufind/Record/000224612